Lịch sử Việt Nam / T.10 Từ thế kỷ 1945 đến thế kỷ 1950
Hiệp định sơ bộ Việt - Pahps (9/1945 - 3/1946). Chiến tranh lan rộng cả nước và đường lối kháng chiến của Đảng Cộng Sản Việt Nam. Đẩy mạnh kháng chiến toàn dân toàn diện
Shranjeno v:
| Drugi avtorji: | , , |
|---|---|
| Format: | Knjiga |
| Jezik: | Vietnamese |
| Izdano: |
H. :
Khoa học xã hội,
2013.
|
| Teme: | |
| Oznake: |
Označite
Brez oznak, prvi označite!
|
| Thư viện lưu trữ: | Mạng thư viện Đại học Đà Nẵng |
|---|
| LEADER | 01757nam a2200385 4500 | ||
|---|---|---|---|
| 001 | 000019956 | ||
| 003 | 16397 | ||
| 005 | 20181005092516.0 | ||
| 008 | 141204s2013 viesd | ||
| 041 | 0 | |a vie | |
| 082 | 1 | 4 | |a 959.7 |b Lic |
| 245 | 1 | 0 | |a Lịch sử Việt Nam / |c Đinh Thị Thu Cúc ( ch.b) ; Đỗ Thị Nguyệt Quang, Đinh Quang Hải |n T.10 |p Từ thế kỷ 1945 đến thế kỷ 1950 |
| 260 | |a H. : |b Khoa học xã hội, |c 2013. | ||
| 300 | |a 623 tr. : |b Hình mh., bảng ; |c 24 cm. | ||
| 500 | |a Đầu sách ghi: Viện hàn lâm khoa học xã hội Việt Nam - Viện sử học | ||
| 504 | |a Thư mục tr. 621-623 | ||
| 520 | 3 | |a Hiệp định sơ bộ Việt - Pahps (9/1945 - 3/1946). Chiến tranh lan rộng cả nước và đường lối kháng chiến của Đảng Cộng Sản Việt Nam. Đẩy mạnh kháng chiến toàn dân toàn diện | |
| 650 | 0 | 4 | |a Lịch sử Việt Nam |x Nghiên cứu |y Từ thế kỷ 1945 đến thế kỷ 1950 |z Việt Nam |
| 653 | |a Lịch sử Việt Nam | ||
| 653 | |a Chiến tranh Việt Nam | ||
| 653 | |a Thực dân Pháp | ||
| 700 | 1 | |a Đinh Thị Thu Cúc |e ch.b | |
| 700 | 1 | |a Đỗ Thị Nguyệt Quang | |
| 700 | 1 | |a Đinh Quang Hải | |
| 773 | |d Khoa học xã hội |d H. |d 2013 |t Lịch sử Việt Nam |w 16387 | ||
| OWN | |a LSP | ||
| AVA | |a UDN50 |b LSP |d 959.7 Lic |e available |t Error 5001 Not defined in file expand_doc_bib_avail. |f 2 |g 0 |h N |i 0 |k 1 | ||
| 999 | |a From the UDN01 | ||
| AVA | |a UDN50 |b LSP |d 959.7 Lic |e available |t Error 5001 Not defined in file expand_doc_bib_avail. |f 2 |g 0 |h N |i 0 |k 1 | ||
| TYP | |a Monograph | ||
| TYP | |a Printed language | ||
| 980 | |a Mạng thư viện Đại học Đà Nẵng | ||